000 00905cab a2200265 4500
001 ABS55010
008 090401t1996 xxu||||| |||| 00| 0 eng d
035 _a(Sirsi) u13582
041 _aeng
245 _aEnding fixed-term leases early
260 _c1996
350 _a0
490 _aEstates Gazette
_v(9615) 13 April 1996, 100-101(2)
520 _aConsiders when it is in the landlord`s interest to pursue a claim for compensation when their tenant abandons a fixed-term lease before it has expired, a `mainly for students` article with reference to case law.
650 _aCOMPENSATION
650 _aDETERMINATION OF LEASE
650 _aFIXED-TERM LEASES
650 _aLAW OF PROPERTY ACT 1925 S52
650 _aLEASES
650 _aMITIGATION OF LOSS
690 _aLANDLORD AND TENANT-BUSINESS TENANCIES
690 _aPROPERTY LAW AND PRACTICE
942 _n0
948 _c04/03/1997
999 _c8749
_d8749